000 00259nam a2200097Ia 4500
008 190216s9999||||xx |||||||||||||| ||und||
100 _aWilliam A Prayar
245 0 _aMaha Polimarugalude Prakrithavum Resathanthravum
260 _bKerala Basha Inst
942 _cBK
999 _c38289
_d38289